| 000 | 00485nam a2200193Ia 4500 | ||
|---|---|---|---|
| 008 | 170918s9999 xx 000 0 und d | ||
| 020 | _a590425994 | ||
| 050 | _bE51ad 1969 | ||
| 100 | _aEvslin, Bernard | ||
| 245 | 4 | _aThe adventures of Ulysses / | |
| 245 | _cby Bernard Evslin ; illustrated by William Hunter. | ||
| 260 | _aNew York : | ||
| 260 | _bScholastic, | ||
| 260 | _c1969 | ||
| 300 | _a179 pages : | ||
| 300 | _billustrations ; | ||
| 300 | _c17cm. | ||
| 500 | _a860 | ||
| 999 |
_c343798 _d343798 |
||